000 01558nam a2200361 i 4500
001 8873
003 ES-MaACL
005 20250927140217.0
007 t|
008 921110r19871850sp ae |||| | spa d
020 _a84-86047-90-0
080 _a946.4(038)
080 _a946.742(038)
080 _a914.64(038)
080 _a914.674.2(038)
100 1 _aMadoz, Pascual,
_d1806-1870
_975334
245 1 0 _aDiccionario geográfico-estadístico-histórico. Castilla La Mancha /
_cPascual Madoz ; estudio introductorio, Isidro Sánchez ; [editor de la obra, Domingo Sánchez Zurro].
250 _aEd. facs.
260 _aValladolid :
_bÁmbito ;
_a[Sevilla] :
_bEditoriales Andaluzas Reunidas,
_c1987.
300 _a2 v. :
_bil., planos ;
_c27 cm.
501 _aCon: Atlas de España y sus posesiones de ultramar. Castilla La Mancha / Francisco Coello. Madrid, 1852 [?]
534 _pReprod. parcial del Diccionario geográfico-estadístico-histórico de España y sus posesiones de ultramar por Pascual Madoz:
_cMadrid, 1845-1850.
651 4 _aCastilla-La Mancha-
_xHistoria-
_vDiccionarios.
_97982
651 4 _aCastilla-La Mancha-
_xDescripción-
_vDiccionarios.
_97981
655 7 _2tgfbne
_9226495
_aFacsímiles
700 1 _aSánchez Sánchez, Isidro,
_d1949-
_9152461
700 1 _aSánchez Zurro, Domingo J.
_9102999
700 1 _aCoello, Francisco,
_d1822-1898
_939459
740 0 2 _aAtlas de España y sus posesiones de ultramar. Castilla-La Mancha.
852 _aES-MaACL
_jL-16348-49
942 _2udc
999 _c8873
_d8873